000 00561cam a22002053a 4500
001 39354
003 PGUSA
005 20140828083856.0
008 120402s2012||||xxu|||||s|||||000 | eng d
040 _aPGUSA
_beng
042 _adc
100 1 _aSchilperoort, Tom
245 1 0 _aAutomobiel-rijden
_h[electronic resource] /
_cTom Schilperoort
260 _bProject Gutenberg,
_c2012
506 _aPublic domain in the USA.
516 _aElectronic text
830 0 _aProject Gutenberg
_v39354
856 4 0 _uhttp://www.gutenberg.org/ebooks/39354
942 _cEB
999 _c268607
_d268607